000 00737nas a2200253 4500
001 BR8400570
003 BR-BrBNA
005 20231205085754.0
007 ta
008 230509b bl.|||p| |||| 00| 00por d
040 _aBR-BrBNA
_bpor
_cBiblioteca Nacional de Agricultura
041 _a(Pt)
072 _aF70
100 1 _aMattos, J.R.
245 1 _aMyrtaceae do Rio Grande do Sul [Brasil]
246 1 _a[Myrtaceae of Rio Grande do Sul [Brazil]]
650 _aTAXONOMIA VEGETAL
650 _aARVORE FLORESTAL
650 _aMIRTACEAE
650 _aRIO GRANDE DO SUL
773 0 _tRoessleria (Brazil)
_xISSN 0101-7616
_g(1983), v. 5(1) p. 75-163
_wBR8400570
909 _a202311
_bLúcia
_c55
_dLúcia Elande
942 _2AGRIS
_n0
_cANA
999 _c113699
_d113699